MARC

LEADER 00000nam1a2200000 4500
001 251680
005 20231101232659.0
010 |a 5250005365 
020 |a RU  |b 89-22362 
035 |a (RuTPU)RU\TPU\book\273988 
090 |a 251680 
100 |a 20140224d1989 m y0rusy5003 ca 
101 0 |a rus 
200 1 |a Через интересы: о путях раскрытия созидательного потенциала человека  |f В. С. Липицкий  |g Институт марксизма-ленинизма (ИМЛ) 
210 |a Москва  |c Политиздат  |d 1989 
215 |a 174 с. 
320 |a Библиогр.: с. 168-175 (173 назв.). 
606 1 |a Человеческий фактор  |x Экономика  |y СССР  |2 stltpush  |3 (RuTPU)RU\TPU\subj\37284  |9 58368 
610 1 |a социализм 
610 1 |a 20 век 
610 1 |a перестройка 
610 1 |a кооперация 
610 1 |a самоуправление 
610 1 |a экономическое стимулирование 
686 |a У9(2)0-08  |2 rubbk 
700 1 |a Липицкий  |b В. С.  |g Василий Семенович 
712 0 2 |a Институт марксизма-ленинизма (ИМЛ)  |c (Москва)  |c (1956-1991)  |2 stltpush  |3 (RuTPU)RU\TPU\col\4702 
801 0 |a RU  |b RuMRKP  |c 19950417  |g psbo 
801 1 |a RU  |b 63413507  |c 20140224 
801 2 |a RU  |b 63413507  |c 20140321  |g RCR 
942 |c BK